<?xml version="1.0" encoding="UTF-8"?>
<collection xmlns:xsi="http://www.w3.org/2001/XMLSchema-instance" xsi:schemaLocation="http://www.loc.gov/MARC21/slim http://www.loc.gov/standards/marcxml/schema/MARC21slim.xsd" xmlns="http://www.loc.gov/MARC21/slim">
 <record>
  <leader>00000caa a22000003a 4500</leader>
  <controlfield tag="001">UP-1685594773861924128</controlfield>
  <controlfield tag="003">Buklod</controlfield>
  <controlfield tag="005">20130726084738.0</controlfield>
  <controlfield tag="006">g||| |     ||   ||</controlfield>
  <controlfield tag="007">ta</controlfield>
  <controlfield tag="008">130726s        xx     d     r    |||| u|</controlfield>
  <datafield tag="035" ind1=" " ind2=" ">
   <subfield code="a">(iLib)UPBAG-00010937639</subfield>
  </datafield>
  <datafield tag="090" ind1=" " ind2=" ">
   <subfield code="a">KTRC-Serials</subfield>
  </datafield>
  <datafield tag="100" ind1="1" ind2=" ">
   <subfield code="a">Jones, Gregg</subfield>
  </datafield>
  <datafield tag="245" ind1="1" ind2="0">
   <subfield code="a">Growing green</subfield>
   <subfield code="c">Gregg Jones.</subfield>
  </datafield>
  <datafield tag="520" ind1=" " ind2=" ">
   <subfield code="a">Must developing Asia sacrifice its environment for economic prosperity? A growing number of political leaders think not.</subfield>
  </datafield>
  <datafield tag="773" ind1="0" ind2=" ">
   <subfield code="a">Development Asia</subfield>
   <subfield code="b">a publication of the Asian Development Bank</subfield>
   <subfield code="g">01-03/2012, Year V, No. XII, p6-13</subfield>
   <subfield code="h">8p;Colored Illustrated.</subfield>
  </datafield>
  <datafield tag="942" ind1=" " ind2=" ">
   <subfield code="a">Analytics</subfield>
  </datafield>
 </record>
</collection>
